| 000 | 00513nam a2200133Ia 4500 | ||
|---|---|---|---|
| 005 | 20260209120151.0 | ||
| 008 | 260209s9999||||xx |||||||||||||| ||und|| | ||
| 100 | _aEsha Shashikumar Todkar | ||
| 245 | 0 | _aConstitutional conventions : a path to realising constitutional morality | |
| 260 |
_aBangaloreBangalore _bNLSIU, Bangalore _c2024 - 2025 |
||
| 300 | _a43 p. ; 25 cm. | ||
| 700 | _aProf. Kamala Sankaran - SupervisorProf. Kamala Sankaran - Supervisor | ||
| 856 | _uhttps://dans.nls.ac.in/handle/123456789/2407 | ||
| 999 |
_c217733 _d217733 |
||